LIBRARY & INFORMATION CENTRE, KCAET, TAVANUR

ONLINE PUBLIC ACCESS CATALOGUE (OPAC)

Oru desahathinte katha / (Record no. 13567)

MARC details
000 -LEADER
fixed length control field 00427cam a2200169ua 4500
041 ## - LANGUAGE CODE
Language code of text/sound track or separate title mal
082 ## - DEWEY DECIMAL CLASSIFICATION NUMBER
Classification number 894.812 308
Item number POT/OR
100 ## - MAIN ENTRY--AUTHOR NAME
Personal name Pottakkad, S.K. .
245 ## - TITLE STATEMENT
Title Oru desahathinte katha /
250 ## - EDITION STATEMENT
Edition statement 12 /
260 ## - PUBLICATION, DISTRIBUTION, ETC. (IMPRINT)
Place of publication Kottayam :
Name of publisher D C Books ,
Year of publication 2007.
300 ## - PHYSICAL DESCRIPTION
Number of Pages 568 ; .
650 ## - SUBJECT ADDED ENTRY--TOPICAL TERM
Topical Term Fiction - Malayalam
942 ## - ADDED ENTRY ELEMENTS (KOHA)
Koha item type Books
Holdings
Withdrawn status Lost status Damaged status Home library Current library Date acquired Cost, normal purchase price Full call number Accession Number Koha item type
      KAUAET KAUAET 17/04/2011 210.00 894.812 3 21551 Books
free website counter